000 01262nam a2200253Ia 4500
999 _c47203
_d47203
001 14063
003 GE_BSU
005 20241029173258.0
008 181216s2012||||ge |||||||||||||| ||geo||
020 _a9789941193460
040 _cGE_BSU
041 _ageo
080 _a821.133.1-31 ჰ-721
100 _aჰიუგო, ვიქტორ
_911739
245 _aკაცი, რომელიც იცინის :
_b ნაწ.1-ლი /
_cვიქტორ ჰიუგო ; ბაბილინა ხოსიტაშვილის თარგმანი ; რედ. : ლევან ინასარიძე.
264 _aთბილისი :
_bპალიტრა L,
_c2012.
300 _a390 გვ. ;
_c22 სმ.
490 _a50 წიგნი, რომელიც უნდა წაიკითხო, სანამ ცოცხალი ხარ
_vწიგნი 34 ტ.1
541 _h12ლ.
653 _aკაცი, რომელიც იცინის ნაწილი1-ლი
700 _aხოსიტაშვილი, ბაბილინა
_eთარგმანი
_923542
700 _aინასარიძე, ლევან
_eრედაქტორი
_922862
942 _cBK
_2udc